|
|
|
|
| LEADER |
00000nta a2200000 i 4500 |
| 001 |
dolg9394 |
| 005 |
20200330134616.0 |
| 008 |
161219suuuu hu o 000 hun d |
| 040 |
|
|
|a BGE Dolgozattár Repozitórium
|b hun
|
| 041 |
|
|
|a hu
|
| 100 |
1 |
|
|a Valter Ákos
|
| 245 |
1 |
0 |
|a Oroszlány Város Önkormányzata gazdálkodásának átfogó elemzése a költségvetési beszámolók adatai alapján 2012-2015. évekre
|c Valter Ákos
|h [elektronikus dokumentum]
|
| 516 |
|
|
|a Final_paper
|
| 695 |
|
|
|a önkormányzati gazdálkodás
|
| 695 |
|
|
|a Beszámoló elemzés
|
| 700 |
1 |
|
|a Sisa Dr Krisztina
|e ths
|
| 856 |
4 |
0 |
|u http://dolgozattar.uni-bge.hu/9394/1/Szakdolgozat_Valter_%C3%81kos.pdf
|z Dokumentum-elérés
|
| 856 |
4 |
0 |
|u http://dolgozattar.uni-bge.hu/9394/2/Nyilatkozat_Valter_%C3%81kos.pdf
|z Dokumentum-elérés
|
| 856 |
4 |
0 |
|u http://dolgozattar.uni-bge.hu/9394/12/Nyilatkozat_nyilv%C3%A1noss%C3%A1_t%C3%A9telr%C5%91l.jpg
|z Dokumentum-elérés
|